Inmunología / (Record no. 82714)

MARC details
000 -LEADER
campo de control de longitud fija 00910nam a2200265 i 4500
001 - NÚMERO DE CONTROL
campo de control 82714
003 - IDENTIFICADOR DE NÚMERO DE CONTROL
campo de control ES-MaACL
005 - FECHA Y HORA DE LA ÚLTIMA TRANSACCIÓN
campo de control 20250815103020.0
007 - CAMPO FIJO DE DESCRIPCIÓN FÍSICA--INFORMACIÓN GENERAL
campo de control de longitud fija t|
008 - DATOS DE LONGITUD FIJA--INFORMACIÓN GENERAL
campo de control de longitud fija 041111s1983 sp ||||1| spa d
020 ## - NÚMERO INTERNACIONAL ESTÁNDAR DEL LIBRO
Número Internacional Estándar del Libro 84-335-5004-7
245 00 - MENCIÓN DEL TÍTULO
Título Inmunología /
Mención de responsabilidad, etc. Scientific American ; [traductores, Jesús Palomeque Rico ... et. al.].
250 ## - MENCION DE EDICION
Mención de edición 1ª ed.
260 ## - PUBLICACIÓN, DISTRIBUCIÓN, ETC.
Lugar de publicación, distribución, etc. Barcelona :
Nombre del editor, distribuidor, etc. Labor,
Fecha de publicación, distribución, etc. 1983.
300 ## - DESCRIPCIÓN FÍSICA
Extensión 350 p. :
Otras características físicas il. ;
Dimensiones 29 cm.
490 1# - MENCIÓN DE SERIE
Mención de serie Libros de Investigación y ciencia
594 ## - Nota al título y mención de responsabilidad
Nota al título y mención de responsabilidad Colección de artículos aparecidos en "Investigación y ciencia"; traducción de "Scientific American"
650 #4 - PUNTO DE ACCESO ADICIONAL DE MATERIA--TÉRMINO DE MATERIA
Término de materia o nombre geográfico como elemento de entrada Inmunología.
9 (RLIN) 13787
650 #4 - PUNTO DE ACCESO ADICIONAL DE MATERIA--TÉRMINO DE MATERIA
Término de materia o nombre geográfico como elemento de entrada Inmunopatología.
9 (RLIN) 165912
700 1# - ENTRADA AGREGADA--NOMBRE PERSONAL
Nombre de persona Palomeque Rico, Jesús.
9 (RLIN) 88688
710 2# - ENTRADA AGREGADA--NOMBRE DE ENTIDAD CORPORATIVA
Nombre de entidad corporativa o nombre de jurisdicción como elemento de entrada Scientific American.
9 (RLIN) 6515
830 10 - PUNTO DE ACCESO ADICIONAL DE SERIE-TÍTULO UNIFORME
Título uniforme Libros de investigación y ciencia
9 (RLIN) 181956
852 ## - LOCALIZACIÓN
Ubicación ES-MaACL
Número de control de estantería L-4929
Holdings
Estatus retirado Estado de pérdida Estado de daño No para préstamo Biblioteca de origen Biblioteca actual Ubicación en estantería Fecha de adquisición Fuente de adquisición Total de préstamos Signatura topográfica completa Código de barras Visto por última vez Precio de reemplazo Tipo de ítem Koha
        Biblioteca del Ateneo de Madrid Biblioteca del Ateneo de Madrid Depósito 2 17/01/2008     L-4929 1086445 23/02/2023 23/02/2023 Libro impreso